Quick Pick: House Stark Actors Quiz Stats

 Plays Quiz not verified by Sporcle

Challenge
Share
Tweet
Embed
Score 0/11 Timer 01:00
0 Plays Today
% Correct
Sean Bean
95.2%
Kit Harington
94%
Sophie Turner
94%
Maisie Williams
93.8%
Michelle Fairley
91.4%
Cordelia Hill
88.8%
Richard Madden
88.3%
Oona Chaplin
88%
Isaac Hempstead-Wright
87.1%
Joseph Mawle
80.6%
Art Parkinson
75.8%

You're not logged in!

Compare scores with friends on all Sporcle quizzes.
Join for Free
OR
Log In

You Might Also Like...

Show Comments

Extras

Top Quizzes Today


Score Distribution

Your Account Isn't Verified!

In order to create a playlist on Sporcle, you need to verify the email address you used during registration. Go to your Sporcle Settings to finish the process.

Report this User

Report this user for behavior that violates our Community Guidelines.

Details: